书目信息 |
| 题名: |
基础医学问答
|
|
| 作者: | ;河北新医大学赤脚医生参考丛书编写组 编 | |
| 分册: | 8 神经系统 | |
| 出版信息: | 北京 人民卫生出版社 1977 |
|
| 页数: | 369页 | |
| 开本: | 19cm | |
| 丛书名: | 赤脚医生参考丛书 | |
| 单 册: | ||
| 中图分类: | R331 | |
| 科图分类: | ||
| 主题词: | 血液--循环--人体生理学 | |
| 电子资源: | ||
| ISBN: | ||
| 000 | 00854nam2 2200265 45 | |
| 001 | 0176000833 | |
| 005 | 20070922164622.45 | |
| 010 | @dCNY0.70 | |
| 091 | @a14048.3563 | |
| 100 | @a19951011d1977 em y0chiy0121 ea | |
| 101 | 0 | @achi |
| 102 | @aCN@b110000 | |
| 105 | @ay z 000yy | |
| 200 | 10 | @a基础医学问答@Aji chu yi xue wen da@h8@i神经系统@f河北新医大学《赤脚医生参考丛书》编写组编@FHe Bei Xin Yi Da Xue《Chi Jiao Yi Sheng Can Kao CongShu》Bian Xie Zu Bian |
| 210 | @a北京@c人民卫生出版社@d1977 | |
| 215 | @a369页@d19cm | |
| 225 | 2 | @a赤脚医生参考丛书 |
| 410 | 0 | @120010@a赤脚医生参考丛书 |
| 517 | 1 | @a神经系统@Ashen jing xi tong |
| 606 | @a血液@x循环@x人体生理学 | |
| 690 | @aR331@v3 | |
| 711 | 02 | @a河北新医大学赤脚医生参考丛书编写组@4编 |
| 801 | 2 | @aCN@bNLC@c20070922 |
| 801 | 0 | @aCN@b广东省中山图书馆@c20060815 |
| 905 | @dR331@e2:8 | |
| 基础医学问答.8.神经系统/河北新医大学《赤脚医生参考丛书》编写组编.-北京:人民卫生出版社,1977 |
| 369页;19cm.-(赤脚医生参考丛书) |
| ISBN :CNY0.70 |
| ● |
| 相关链接 |
|
|
|
|
正题名:基础医学问答
索取号:R331/2:8
 
预约/预借
| 序号 | 登录号 | 条形码 | 馆藏地/架位号 | 状态 | 备注 |
| 1 | 626056 | 206260561 | 第二样本阅览室/ [索取号:R331/2:8] | 在馆 |